000 00758nam a22001817a 4500
999 _c371757
_d371757
008 201127b ||||| |||| 00| 0 eng d
040 _aDE-2950
_bger
_cDE-2950
_erda
041 _ager
245 _aVorbereitungen für noch schnellere Datenübertragung.
_bInternet. Telekom, Vodafone, o2 und Co - Mobilfunkanbieter bauen ihre Infrastruktur rund um 5G in Frankfurt aus. Noch gibt es aber Einschränkungen/
_cJacqueline Westermann
264 _c2022
653 _aFrankfurt (Oder)
653 _aMobilfunk
773 _dFrankfurt (Oder) Märkisches Verlags- und Druckhaus GmbH & Co KG
_tMärkische Oderzeitung
_g33. Jahrgang (2022) Nr. 167 vom 20.07.2022, S. 16 : Foto
942 _cA